00722nam a2200205Ia 4500003000900000008004100009020001800050040001600068080001700084100002500101245011600126260005000242300001300292500002600305650004100331700002900372942000700401999001500408952009300423IN-BaIIA211028s9999 xx 000 0 eng d a0-295-95387-X cIIA Library a524.722bHOD aHodge, Paul W.94600 4aThe small magellanic cloudcPaul W. Hodge and Frances W. Wright  aSeattlebUniversity of Washington Pressc1977 aix, 69p. aDonated by Mrs. Bappu aAstronomy and Astrophysics Thesaurus aWright, Frances W.97394 cBK c7632d7632 00104070aBANbBANcGENd1983-07-22l0o524.722/ HODp8446r2021-11-05w1983-07-22yBK